Literacy and power in the ancient world /
محفوظ في:
مؤلفون آخرون: ,
التنسيق: كتاب
اللغة: English
منشور في:
Cambridge ; New York :
Cambridge University Press,
1994.
الموضوعات:
الوسوم: إضافة وسم
لا توجد وسوم, كن أول من يضع وسما على هذه التسجيلة!
رقم الطلب: LC149 .L4958 1994
| LEADER | 01542nam a22002657a 4500 | ||
|---|---|---|---|
| 003 | OSt | ||
| 005 | 20250827124028.0 | ||
| 008 | 270303s1994 enka g b 001 0 eng d | ||
| 010 | |a 93005494 | ||
| 020 | |a 052143369X (hardback) | ||
| 040 | |c ARCE Library | ||
| 050 | 1 | 4 | |a LC149 |b .L4958 1994 |
| 245 | 0 | 0 | |a Literacy and power in the ancient world / |c edited by Alan K. Bowman and Greg Woolf. |
| 264 | 1 | |a Cambridge ; |a New York : |b Cambridge University Press, |c 1994. | |
| 300 | |a ix, 249 pages : |b illustrations ; |c 24 cm. | ||
| 500 | |a OCLC 28375800 | ||
| 504 | |a Includes bibliographical references (pages 216-244) and index. | ||
| 505 | 0 | |a •1. Literacy and power in the ancient world •2. The Persepolis Tablets: speech, seal and script •3. Literacy and the city-state in archaic and classical •4. Literacy and language in Egypt in the Late and Persian Periods •5. Literacy and power in Ptolemaic Egypt Dorothy •6. Power and the spread of writing in the West •7. Texts, scribes and power in •8. The Roman imperial army: letters and literacy on the northern frontier •9. Literacy and power in early Christianity •10. Greek and Syriac in Late Antique •11. Later Roman bureaucracy: going through the files •12. Literacy and power in the migration period •13. Texts as weapons: polemic in the Byzantine dark ages | |
| 650 | 0 | |a History, Ancient. | |
| 650 | 0 | |a Literacy |x Social aspects |x History. | |
| 700 | 1 | |a Bowman, Alan K., | |
| 700 | 1 | |a Woolf, Greg. |9 42376 | |
| 901 | |a reviewed | ||
| 942 | |c BK |2 lcc | ||
| 999 | |c 22163 |d 22163 | ||
